000 00599nam a2200193 a 4500
001 000025382
005 20200930023740.0
008 110215s1921 sp r 000 0 spa d
040 _aDO-SdBNP
_bspa
_cBNPHU
082 _axxxxxx
_bB468s
100 1 _aBenjamín, René
_951966
245 1 4 _aLos soldados de la guerra :
_bGaspar /
_cRené Benjamín ; traducción Manuel Azaña.
260 _aMadrid :
_bCalpe,
_c1921.
300 _a285 p. ;
_c19 cm.
500 _aIncluye notas al pie de las páginas.
586 _aPremio Concourt de 1915.
700 1 _aAzaña, Manuel,
_etr.
_951967
049 _aBNGR
999 _c24874
_d24874